Normal view
MARC view
- Riaz Ahmed(Comp)
Entry Personal Name
001 - CONTROL NUMBER
- control field: 77448
003 - CONTROL NUMBER IDENTIFIER
- control field: NUST
005 - DATE AND TIME OF LATEST TRANSACTION
- control field: 20210628205918.0
008 - FIXED-LENGTH DATA ELEMENTS
- fixed length control field: 210628|| aca||aabn | a|a d
040 ## - CATALOGING SOURCE
- Original cataloging agency: NUST
- Transcribing agency: NUST
100 ## - HEADING--PERSONAL NAME
- Personal name: Riaz Ahmed(Comp)
670 ## - SOURCE DATA FOUND
- Source citation: Work cat.: (NUST): Riaz Ahmed(Comp), Mader-e-millat motarma fatima jinnah key zindgey kay waqiaat.1893-1967, 2004
